LEADER 02357oam 2200745zu 450 001 9910164706703321 005 20240612192837.0 010 $a9780803149526 010 $a0803149522 035 $a(CKB)3170000000045291 035 $a(SSID)ssj0001185743 035 $a(PQKBManifestationID)11771281 035 $a(PQKBTitleCode)TC0001185743 035 $a(PQKBWorkID)11211237 035 $a(PQKB)11193271 035 $a(EXLCZ)993170000000045291 100 $a20160829d1985 uy 101 0 $aeng 181 $ctxt 182 $cc 183 $acr 200 00$aAquatic toxicology and hazard assessment : eighth symposium : a symposium 210 31$a[Place of publication not identified]$cASTM$d1985 300 $aBibliographic Level Mode of Issuance: Monograph 311 08$a9780803104372 311 08$a0803104375 517 $aAquatic Toxicology and Hazard Assessment 606 $aTechnology 606 $aWater Pollution 606 $aPharmacology 606 $aEnvironmental Pollution 606 $aBiological Science Disciplines 606 $aHealth Occupations 606 $aTechnology, Industry, and Agriculture 606 $aOccupations 606 $aPublic Health 606 $aNatural Science Disciplines 606 $aEnvironment and Public Health 606 $aDelivery of Health Care 606 $aToxicology 606 $aQuality Control 606 $aWater Pollution, Chemical 615 2$aTechnology. 615 2$aWater Pollution. 615 2$aPharmacology. 615 2$aEnvironmental Pollution. 615 2$aBiological Science Disciplines. 615 2$aHealth Occupations. 615 2$aTechnology, Industry, and Agriculture. 615 2$aOccupations. 615 2$aPublic Health. 615 2$aNatural Science Disciplines. 615 2$aEnvironment and Public Health. 615 2$aDelivery of Health Care. 615 2$aToxicology. 615 2$aQuality Control. 615 2$aWater Pollution, Chemical. 702 $aHansen$b David J$c(Environmentalist) 702 $aBahner$b Rita Comotto 712 02$aASTM Committee E-47 on Biological Effects and Environmental Fate, 801 0$bPQKB 906 $aBOOK 912 $a9910164706703321 996 $aAquatic toxicology and hazard assessment : eighth symposium : a symposium$92233641 997 $aUNINA